Cornelia en el umbral de la vida (Record no. 44718)

MARC details
000 -Etiqueta do registo
Valores 00392nam a2200157 4500
100 ## - Dados gerais de processamento
Dados gerais 20250904 pory50
101 ## - Língua de publicação
Língua esp
102 ## - País de publicação
País ESP
200 ## - Titulo e menção de responsabilidade
Título próprio Cornelia en el umbral de la vida
Informação de outro título diario de una muchacha
Primeira menção de responsabilidade Irmgard Falch
210 ## - Publicação
Local de publicação Madrid
Nome do editor Afrodisio Aguado
Data de publicação 1945
215 ## - Descrição física 
Paginação / Volumes 260 p.
675 ## - CDU
Notação 821.112.2-31
801 ## - Fonte de origem
País PT
Regras de catalogação RPC
990 ## - Elementos KOHA
Tipo de documento Livro
Holdings
Aquisição Empréstimo Código de barras Cota Permissão de empréstimo Tipo de documento Nota relativa ao exemplar
Biblioteca Municipal de Redondo Biblioteca Municipal de Redondo 054714 821.112.2-3 FAL   Livro obra em espanhol

Powered by Koha